000 01012nam a22003017a 4500
001 5465
003 FISKH
005 20241209165654.0
008 241209b cb ||||| |||| 00| 0 eng d
020 _a0439375347
040 _aFISKH
_beng
_cFISKH
_dFISKH
050 _aPS3537.A618
082 _a811.52
100 _aSandburg, Carl
245 _aCarl Snadburg /
_cby Carl Sandburg : Edited by Frances Schoonmaker Bolin : illustrated by Steven Arcella
250 _aFirst Scholastic printing, February 2002
260 _aNew York :
_bSchoalstic ;
_c1995.
300 _a46 pages :
_bcolor illustrations ;
_c26 cm .
490 _aPoetry for young people
505 _aZ
520 _aPresents a collection of poems by the beloved American author who, as a young man, travelled across the Midwest as a hobo.
521 8 _a890
_bLexile
521 8 _aZ
_bRaz-Plus
650 _aSandburg
_vFiction
700 _aArcella , Steven
_eillustrator
942 _2ddc
_cBK
_n0
999 _c5465
_d5465